A Study of the present status of employee empowerment in selected IT companies in and around pune (Record no. 69621)

MARC details
000 -LEADER
fixed length control field 00440nam a2200145Ia 4500
008 - FIXED-LENGTH DATA ELEMENTS--GENERAL INFORMATION
fixed length control field 221007s9999 xx 000 0 und d
041 ## - LANGUAGE CODE
Language code of text/sound track or separate title eng
082 ## - DEWEY DECIMAL CLASSIFICATION NUMBER
Classification number 658.312 44
Item number KUL
100 ## - MAIN ENTRY--PERSONAL NAME
Personal name Kulkarni M M
9 (RLIN) 102425
245 #2 - TITLE STATEMENT
Title A Study of the present status of employee empowerment in selected IT companies in and around pune
260 ## - PUBLICATION, DISTRIBUTION, ETC. (IMPRINT)
Date of publication, distribution, etc. 2010
Name of publisher, distributor, etc. Tilak Maharashtra University
Place of publication, distribution, etc. Pune
300 ## - PHYSICAL DESCRIPTION
Extent 253p
520 ## - SUMMARY, ETC.
Summary, etc. Hebalkar R
906 ## - LOCAL DATA ELEMENT F, LDF (RLIN)
b General
Holdings
Withdrawn status Lost status Damaged status Not for loan Home library Current library Date acquired Vendor Total Checkouts Full call number Barcode Date last seen Bill Date Koha item type Original Barcode
        Smt. Hiraben Nanavati Institute of Management & Research for Women Smt. Hiraben Nanavati Institute of Management & Research for Women 14/03/2012 Satya Gilani   658.312 44 KUL HIMR-TH0023 07/10/2022 07/10/2022 PHD Thesis TH0023